000 004610000a22001810004500
003 MACL
005 20160124153021.0
008 160124b xxu||||| |||| 00| 0 eng d
040 _aMACL
_cMACL
041 _aEnglish
082 _a378/CAR
100 _aPhull, D S
_934155
245 _aSSC Combined Main Graduate Level Exam
260 _bBright Careers Institute
_c2002
_aNew Delhi
350 _a295
650 _aEducation
_934554
942 _cBK
_k378/PHU
_2ddc
999 _c32716
_d32716